| 000 | 01486pam a22003374a 4500 | ||
|---|---|---|---|
| 001 | ebr10016673 | ||
| 003 | CaPaEBR | ||
| 006 | m u | ||
| 007 | cr cn||||||||| | ||
| 008 | 011218s2002 inua sb s101 0 eng | ||
| 010 | _z 2001008306 | ||
| 020 | _z0253341256 (cloth : alk. paper) | ||
| 020 | _z0253215382 (pbk. : alk. paper) | ||
| 040 |
_aCaPaEBR _cCaPaEBR |
||
| 035 | _a(OCoLC)614551022 | ||
| 050 | 1 | 4 |
_aGN358 _b.C75 2002eb |
| 082 | 0 | 4 |
_a303.4 _221 |
| 245 | 0 | 0 |
_aCritically modern _h[electronic resource] : _balternatives, alterities, anthropologies / _cedited by Bruce M. Knauft. |
| 260 |
_aBloomington : _bIndiana University Press, _cc2002. |
||
| 300 |
_aix, 329 p. : _bill. |
||
| 500 | _aRevisions of papers presented at a special session held at the 2000 meeting of the American Anthropological Association in San Francisco. | ||
| 504 | _aIncludes bibliographical references and index. | ||
| 533 |
_aElectronic reproduction. _bPalo Alto, Calif. : _cebrary, _d2013. _nAvailable via World Wide Web. _nAccess may be limited to ebrary affiliated libraries. |
||
| 650 | 0 |
_aSocial change _vCross-cultural studies. |
|
| 650 | 0 |
_aCivilization, Modern _vCross-cultural studies. |
|
| 650 | 0 |
_aAcculturation _vCross-cultural studies. |
|
| 655 | 7 |
_aElectronic books. _2local |
|
| 700 | 1 | _aKnauft, Bruce M. | |
| 710 | 2 | _aebrary, Inc. | |
| 856 | 4 | 0 |
_uhttp://site.ebrary.com/lib/rucke/Doc?id=10016673 _zAn electronic book accessible through the World Wide Web; click to view |
| 999 |
_c10909 _d10909 |
||